[Event "Biel Credit Suisse"]
[Site "Biel"]
[Date "1997.07.21"]
[Round "1"]
[White "Anand, Viswanathan"]
[Black "Lautier, Joel"]
[Result "1-0"]
[WhiteElo "2765"]
[BlackElo "2660"]
[Annotator "Anand,V"]
[PlyCount "49"]
[EventDate "1997.07.20"]
[EventType "tourn"]
[EventRounds "10"]
[EventCountry "SUI"]
[EventCategory "17"]
[SourceTitle "CBM 060"]
[Source "ChessBase"]
[SourceDate "1997.09.29"]
[SourceVersion "1"]
[SourceVersionDate "1997.09.29"]
[SourceQuality "1"]

{At the opening ceremony the previous day, the chess players had to play a
match against representatives from the Swiss skiing federation. Each
participant from the A and B tournaments had to play two moves and if they
didn't mate the skiers within 24 moves, then the skiers won. Funnily enough,
the chess players chose the Center Counter. To my great surprise, this is
exactly what happened in my game!} 1. e4 {Mueller,Ka} d5 {I don't recall Joel
ever having played this before, but he hadn't played in an event since Monaco,
so I assumed this was an opening he had prepared quite well.} 2. exd5 Qxd5 3.
Nc3 Qa5 4. d4 Nf6 5. Nf3 c6 6. Bc4 {Nowadays 6.Ne5 is more popular, but during
my preparations for the World Championship, I noticed that the lines with 6.
Bc4 were very dangerous for Black to navigate. Since Joel didn't have a great
deal of experience with the Centre counter, I decided to test him in this line.
} Bf5 7. Ne5 {The lines with 7.Bd2 leave White with a slight edge, but I
remembered that 7.Ne5 and 8.g4 gave Black more problems.} e6 8. g4 Bg6 9. h4
Nbd7 $1 {The best line} (9... Bb4 10. Bd2 Ne4 11. f3 $1 $14 {Campora-Hansen
Palma 1989. I think that it was after this game that people started to look at
9...Nbd7 more seriously.}) 10. Nxd7 Nxd7 11. h5 Be4 12. Rh3 (12. Rg1 {Mueller,
Ka} Nb6 13. Be2 Na4 14. Bd2 Nxc3 15. bxc3 h6 16. Bd3 Bxd3 17. cxd3 O-O-O $15 {
Apicella,M-Prie,E/Brussels zt 1993/EXP 34/1/2-1/2 (49)}) (12. O-O {Mueller,Ka}
Bd5 13. Nxd5 cxd5 14. Bd3 Bd6 15. c3 g6 16. Bd2 Qd8 17. Kg2 gxh5 18. g5 Qe7 19.
Qxh5 O-O-O $11 {1/2-1/2 Westerinen,H-Prie,E/Andorra op 1994/TD 94\02 (41)})
12... Bg2 {A nice finesse -if White plays Rg3, then Black will gain a tempo
with a later Bd6. Still, if the game continuation is correct, then Black will
have to stick to 12...Bd5} (12... Bd5 {Mueller,Ka} 13. Bd3 O-O-O (13... Bd6 14.
Bd2 Qc7 15. Nxd5 cxd5 16. Qe2 Bf4 17. O-O-O O-O-O 18. Bxh7 Kb8 19. Bd3 Bxd2+
20. Qxd2 Nb6 21. g5 $14 {1/2-1/2 Ochoa de Echaguen,F-Denker,A/New York op 1989/
CBM 12 (41)}) 14. Bd2 Qb6 15. Nxd5 exd5 $132 {0-1 Rublevsky,S-Lastin,A/RUS-ch
Elista 1995/CBM 50 (54)}) 13. Re3 $1 {I had wanted to play 13.Rg3 which gives
White a slight edge even though Black can play Bd6, but a fresh look at a
position during a game can often turn up better moves than those found during
home preparation!} (13. Rg3 {Mueller,Ka} Bd5 {und Bd6 kann mit Tempo folgen 
(eine der Ideen von Bg2)}) 13... Nb6 (13... b5 14. Bd3 b4 15. Ne4 {White will
be better after the inevitable Bxe4 due to his two bishops and understandably
Joel didn't want to resign himself to a worse position.}) 14. Bd3 $1 {I found
this at the board and therefore changed my mind about 13.Rg3 and went for 13.
Re3} (14. Bb3 $6 c5 $1 {This gives Black good counterplay}) 14... Nd5 15. f3 $1
{The point, White is willing to jettison a few pawns and/or the exchange, but
snares the bishop on g2. Mueller,Ka: der Läufer g2 ist nun lebendig begraben.
Hatte Anand diese Idee vorbereitet ?} (15. Rg3 {Mueller,Ka} Nxc3 16. bxc3 Bd5
17. Bd2 Qa4 18. Qe2 b5 19. h6 O-O-O $13 {1-0 Bauer,C-Prie,E/FRA-ch 1996/EXP 54
(40)}) 15... Bb4 {Mueller,Ka: sieht zwar sehr logisch aus, aktiviert in der
Folge aber auch den weißen Turm a1. Andere Möglichkeiten:} (15... Nxc3 16. bxc3
Qxc3+ 17. Bd2 Qxd4 18. Kf2 Bxf3 19. Kxf3 $16 (19. Kxf3 {Mueller,Ka} Bc5 20. Kg2
O-O-O $13)) (15... Nxe3 {Mueller,Ka} 16. Bxe3 Ba3 17. Bc1 (17. bxa3 Bxf3 18.
Qd2 Bxg4 19. h6 $15) 17... Bb4 18. Kf2 Bxc3 19. bxc3 Qxc3 20. Bd2 Qxd4+ 21.
Kxg2 $14) 16. Kf2 $1 Bxc3 (16... Nxc3 17. bxc3 Bxc3 18. Rb1 Bxd4 19. Kxg2 Bxe3
20. Bxe3 $16) 17. bxc3 Qxc3 18. Rb1 Qxd4 (18... Bxf3 19. Qxf3 Qxd4 20. Rxb7 $16
) (18... Nxe3 {Mueller,Ka} 19. Bxe3 Bxf3 20. Qxf3 O-O-O $13) 19. Rxb7 Rd8 {
Here I saw the possibility of g6 and when I realized that it didn't work
because at a certain moment Black would simply play Kg8. Then I saw the
possibility of h6 - Kg8 could be met by Rg7+! Suddenly, all that remained was
to check all the details...} (19... Bh3 20. Rxf7 $1 {I stopped here, but Joel
saw two moves further!} c5 {Black simply protects his queen and threatens Kxf7}
21. Rf5 $3 {Lautier} Nxe3 22. Bxe3 Qb2 23. Rxc5 O-O 24. Kg3 $1 $18) (19... Nf4
20. Kg3 (20. Qe1 Qf6 21. Kg3 $16) 20... Qd6 21. Ba3 $1 {Fritz} Nxh5+ (21...
Qxa3 22. Be4 $1 $18 (22. Bb5 {[%cal Ge3a3,Gd1d7] Mueller,Ka} Nd3 23. Bxc6+ Kf8
24. Rxd3 $18)) 22. Kxg2 Qg3+ 23. Kf1 $18) (19... e5 {Mueller,Ka} 20. c4 (20.
Qe1 Bxf3 21. c3 Qc5 (21... Nxc3 22. Kxf3 Qf4+ 23. Kg2 Qxg4+ 24. Kh2 $18) 22.
Kxf3 Nxe3 23. Bxe3 Qd6 24. Qb1 $16) 20... O-O-O (20... Nf4 21. Bb2 Nh3+ 22.
Kxg2 Qxe3 23. Kxh3 $16) 21. cxd5 Kxb7 22. dxc6+ Kc7 23. Kxg2 $16) (19... O-O-O
{Mueller,Ka} 20. Rxf7 (20. Ba6 $4 {reizt zu hoch:} Qxd1 21. Rxf7+ Kb8 22. Rb3+
Nb6 23. Bf4+ Rd6 $19) 20... Kb8 21. Qg1 $18) 20. h6 $3 gxh6 $2 {This gave me a
chance to have a really beautiful finish. Black could still fight with Nxe3,
but Joel hadn't seen the idea behind h5-h6} (20... Nxe3 {Absolutely the only
move which doesn't lose} 21. Bxe3 Qe5 22. hxg7 Rg8 23. Qg1 (23. Bh6 Qh2 $1)
23... Bxf3 24. Kxf3 $16) 21. Bg6 $3 Ne7 (21... Qxe3+ 22. Bxe3 fxg6 (22... hxg6
{Mueller,Ka} 23. Qd4 $18) 23. Bc5 $18) (21... Qf6 22. Bxf7+ Qxf7 23. Rxf7 Nxe3
24. Qxd8+ $1 (24. Qe2 Nd1+ 25. Kxg2 Kxf7 {Is not that clear, although White
remains much better}) 24... Kxd8 25. Bxe3 Bh3 26. Rxa7 $18) (21... Qxd1 {
Mueller,Ka} 22. Rxe6+ Kf8 23. Bxh6+ Kg8 24. Bxf7#) (21... Nxe3 {Mueller,Ka} 22.
Bxf7+ Kf8 23. Qxd4 Rxd4 24. Bxe3 $18) 22. Qxd4 Rxd4 23. Rd3 $1 {Why bother
with 23.Rxe6 Rd7 when this wins effortlessly?} Rd8 24. Rxd8+ Kxd8 25. Bd3 $1 (
25. Bd3 Bh1 26. Bb2 Re8 27. Bf6 $18) 1-0

[Event "Biel Credit Suisse"]
[Site "Biel"]
[Date "1997.07.23"]
[Round "3"]
[White "Anand, Viswanathan"]
[Black "Gelfand, Boris"]
[Result "1-0"]
[WhiteElo "2765"]
[BlackElo "2695"]
[Annotator "Anand,V"]
[PlyCount "73"]
[EventDate "1997.07.20"]
[EventType "tourn"]
[EventRounds "10"]
[EventCountry "SUI"]
[EventCategory "17"]
[SourceTitle "CBM 060"]
[Source "ChessBase"]
[SourceDate "1997.09.29"]
[SourceVersion "1"]
[SourceVersionDate "1997.09.29"]
[SourceQuality "1"]

{This game was played in the 3rd round. In Dortmund, I essayed 1.d4 against
Boris, but he more than equalized and this time, I decided to stick with 1.e4.
So off I went armed with 6.Be3 against the Najdorf...} 1. e4 c5 2. Nf3 d6 3. d4
cxd4 4. Nxd4 Nf6 5. Nc3 a6 6. Be3 Ng4 {Boris only changes his openings when he
absolutely has to! Even so,of the last three times I decided to confront his
Najdorf with 6.Be3, only in Dos Hermanas 1996 did I succeed in predicting his
choice of sub-variation! In Linares 1994, I expected 6...e5 and he surprised
me with 6...e6. Here, I expected either e5 or e6 and he goes for Ng4 instead!
With hindsight, it isn't difficult to see why - Kasparov's adoption of 6...Ng4
as his mainstay against 6.Be3 and especially his analysis of his game against
Shirov (Linares 1997) probably have resulted in a lot of players becoming Ng4
devotees.} 7. Bg5 h6 8. Bh4 g5 9. Bg3 Bg7 10. Qd2 {"The other move!" 10.Be2 is
so well studied these days that I thought it better to go for the alternative
10.Qd2. Besides, Kasparov has played several model games after 10.Be2 h5
showing how Black should deal with 10.Be2} Nc6 11. Nb3 f5 12. exf5 Bxf5 13. h4
{I was going to play 13.Bd3 when I saw this move. It is desirable for Black to
castle kingside and it is logical to weaken his kingside while he is still
unprepared for it.} Qd7 $1 {Gelfand played this after long thought and it's a
fine move. My next move seemed obvious to me during the game - Nb4 is met by
Nd4, but soon I was to realize that matters are not so simple.} 14. O-O-O (14.
Be2 $1 {Gelfand and I briefly looked at this - White develops whilst not
committing his king just yet.}) 14... Nb4 $1 (14... Rc8 15. Nd5 $1 Na5 {
This seemed attractive to Boris, but then he saw that White can simply
sacrifice his queen} 16. Nxa5 $1 {Gelfand} Rxc2+ (16... Qa4 17. Bc4 $16) 17.
Qxc2 Bxc2 18. Kxc2 Qa4+ 19. Nb3 Qxa2 20. Nc3 $16) 15. Nd4 (15. Nd5 Nxd5 (15...
Nxa2+ 16. Kb1 Rc8 17. Bd3 $16) 16. Qxd5 Nf6 $15) 15... Rc8 {Now it began to
dawn on me that Black's initiative was much stronger than I had realized.
Still, White is OK here - see next note!} 16. a3 Rxc3 $2 (16... Bxd4 $1 17.
Qxd4 (17. axb4 $2 Rxc3 $1 18. bxc3 Qa4 $19) 17... Nxc2 18. Qg7 $3 {[#] My
origina l intention had been 18.Qb6. White can bring his queen back to b3 and
while Black is better, White is still fighting. At the post mortem, we felt
that the position was better for Black albeit extremely murky. However, this
amazing move, we didn't see at all! Maybe it's just difficult to ignore a rook
and stop one square before it! I found it at home by turning on Fritz to see
if it could turn up anything interesting. Nope! Fritz was fixated on taking
the rook and playing Bc4+. To prod it to see Qb6, I forced it to display 2
moves and it found Qg7 instantly. Of course, the reason it's a great move is
that the queen still covers c3 and therefore Black can't play Na3. Fritz
probably liked it just to play Qh8 on the next move (a missed opportunity!).
Nonetheless, I now think that our initial assessment that Black was better was
inaccurate and that White is OK.} (18. Qxh8+ Kf7 19. Bc4+ {Boris stopped here
in his analysis, but in fact, White's queen hasn't really escaped!} Rxc4 $1 {
What is White going to against Rc4-c8?} 20. Qb8 Nxa3 $1 $40) (18. Qd2 $2 Na1 $1
) 18... Na1 (18... Rf8 19. Bd3 Rf7 20. Qh8+ Rf8 21. Qg7) 19. Bd3 $1) 17. bxc3
Qa4 18. Kb2 $16 {Things have turned around completely!} (18. cxb4 $2 Bxd4 $1
19. c3 Bxf2 $1 20. Bxf2 Qxa3+ 21. Qb2 Qxb2+ 22. Kxb2 Nxf2 $19) 18... Nd5 19.
hxg5 hxg5 {Here I had a choice between two moves that basically win and tried
to decide which one would involve less effort. I decided that keeping queens
on would be easier. WRONG!} 20. Qxg5 $2 (20. Nxf5 $1 {In fact, this is trivial.
} Bxc3+ 21. Qxc3 Nxc3 22. Rxh8+ Kd7 23. Rd4 $1 {A nice move - Black has only
one reply} Qa5 24. Nxd6 $3 {[#]} exd6 (24... Na4+ 25. Kc1 (25. Rxa4 Qxa4 26.
Nc4 $18) 25... exd6 26. Rxd6+ Ke7 27. Rh7+ Ke8 (27... Kf8 28. Rd8+) 28. Re6+
Kf8 29. Bd6+ Kg8 30. Rxb7 $18) 25. Rxd6+ Ke7 26. Rh7+ Kf8 {I saw until here,
and decided that this was too messy. What a pity - it only takes one more move!
} (26... Ke8 27. Re6+ Kf8 28. Bd6+ Kg8 29. Rxb7 $1 Na4+ 30. Kc1 Nf6 31. Bc4 Kh8
32. Ree7 $18) 27. Rd8+ $1 {[#]} Qxd8 28. Rh8+ $18) 20... Bxd4 21. Rxh8+ Bxh8
22. Qh5+ Kd8 23. Qxh8+ Kd7 24. Rd2 Ngf6 {White is still winning, but of course
White's Q is out of play and this gives Black chances.} 25. c4 Nc3 (25... Qa5
26. Rxd5 Nxd5 27. cxd5 $18) 26. f3 $4 {I spent a lot of time drowning in
variations and eventually went for thislemon!} (26. Bxd6 $1 Nce4 27. Qg7 (27.
Bxe7+ Kxe7) (27. Bc7+ $1 {One more win and this one was pointed out by Fritz,
though this is the sort of win that only machines notice!} Kxc7 28. Qd8+ Kc6
29. Rd5 $1 {The point, but it requires cold blood to play like this!} Nd6 30.
Rxf5 $18) 27... Nxd6 28. c5 Bxc2 {I decided that this was too messy, but a
calm waiting move suffices.} 29. Qf7 $3 {[#] I only found this on the way back
to the hotel, but admittedly it's not an easy move to find while calculating
on move 26!} Nfe4 (29... Bd3 30. Rxd3 Qb5+ 31. Qb3 Qxc5 32. Qxb7+ $16) 30. cxd6
Nxd2 31. Qxe7+ Kc6 32. Qc7+ Kd5 33. d7 $18) 26... Nd1+ $1 27. Kc1 Ne3 {Now
it's a draw.} 28. Bxd6 Nxf1 $4 {Boris was now trying to win, but I had already
seen my next move, so I was delighted.} (28... exd6 29. Qxf6 Qxa3+ 30. Kb1 Qb4+
31. Kc1 Qa3+ $11) 29. Qf8 $1 (29. Qb8 {He had only seen 29.Qb8, but checking
this later, I found that even this is good for White!} Qc6 30. Qf8 $1 $16 {
What a move - White can even lose a whole tempo!}) 29... Nd5 30. Bxe7 $1 Nxd2
31. Qd8+ Ke6 32. cxd5+ Ke5 (32... Kf7 33. Qf8+ Kg6 34. Qg8+ Kh6 35. Bf8+ Kh5
36. Qh8+ Bh7 37. Qxh7+ Kg5 38. Bh6+ Kf6 39. Qg7+ Kf5 40. Qg5#) 33. Qd6+ Kd4 34.
Qc5+ Ke5 35. Qd6+ Kd4 36. Qf4+ Ne4 37. Qxf5 {Black doesn't even have a check,
so Boris resigned. A very important win for my eventual tournament victory and
a game which I have immensely enjoyed analysing!} 1-0

[Event "Biel Credit Suisse"]
[Site "Biel"]
[Date "1997.07.30"]
[Round "8"]
[White "Gelfand, Boris"]
[Black "Anand, Viswanathan"]
[Result "1/2-1/2"]
[WhiteElo "2695"]
[BlackElo "2765"]
[Annotator "Gelfand,B"]
[PlyCount "63"]
[EventDate "1997.07.20"]
[EventType "tourn"]
[EventRounds "10"]
[EventCountry "SUI"]
[EventCategory "17"]
[SourceTitle "CBM 060"]
[Source "ChessBase"]
[SourceDate "1997.09.29"]
[SourceVersion "1"]
[SourceVersionDate "1997.09.29"]
[SourceQuality "1"]

1. d4 {Huzman} d5 2. Nf3 e6 3. c4 dxc4 4. e3 Nf6 5. Bxc4 c5 6. O-O a6 7. Bd3
cxd4 8. exd4 Be7 9. Ne5 Nc6 10. Nxc6 bxc6 11. Be3 O-O 12. Qc2 Qc7 13. Nd2 h6 (
13... g6 $146 {Huzman} 14. Rac1 Bb7 15. Ne4 Nd5 16. a3 a5 17. Rfd1 Rfb8 18. Bc4
Nxe3 19. fxe3 Ba6 20. Ba2 Rb5 21. Nc3 Rh5 22. g3 Rb8 23. Qf2 Qb7 24. Rd2 c5 25.
d5 Rf5 26. Qg2 Bg5 27. Re1 exd5 28. Nxd5 {1/2-1/2 Gelfand,B-Huebner,R/Dortmund
1997}) 14. Rac1 Bb7 15. Ne4 $1 $146 (15. Be2 {Huzman} a5 16. Rfd1 Rfc8 17. Nb3
Ba6 18. Bf3 a4 19. Nc5 Bb5 20. g3 {1/2-1/2 Huzman,A-Yakovich,Y/EU-chTM 1997})
15... Nd5 (15... Nxe4 {Huzman} 16. Bxe4 $16 {[%csl Rb7,Rc6]}) 16. Qe2 Rfd8 (
16... a5 17. Rfd1 $14 (17. Nc5 Bxc5 (17... Nxe3 18. Qxe3) 18. Rxc5 Nb4)) (16...
Nf4 17. Bxf4 Qxf4 18. g3 Qc7 19. Nc5 $14) 17. Rfd1 (17. Nc5 Bxc5 18. Rxc5 Nf4)
17... a5 18. Nc5 Nxe3 19. fxe3 (19. Qxe3 Bg5 20. Qe4 Bxc1 21. Qh7+ Kf8 22. Rxc1
Qf4 23. Re1 Bc8 $17) 19... Bd6 (19... e5 20. Bc4) 20. h3 (20. Nxe6 fxe6 21. Qg4
{-similiar to next line}) (20. Qh5 Bxc5 21. Qxc5 Rd5 22. Qc3 $14) (20. g3 $142
$5 {[%csl Rc6][%cal Gd3e4,Ge4g2] Huzman}) 20... a4 21. Be4 (21. Nxe6 fxe6 22.
Qg4 Ba6 (22... Qe7 23. Qg6 (23. Rf1 Ba6 (23... g5 24. Qe4 Re8) 24. Bb1 Bxf1 25.
Rxf1 Rf8 $19) (23. Qe4 g5 24. Qg6+ Qg7 25. Qxe6+ Kh8 26. Rf1 Bc8 $17) 23... Qg5
24. Qh7+ Kf8 25. Bg6 Rd7 $1 $17) 23. Qxe6+ Qf7 24. Bh7+ Kf8 25. Rf1 Bxf1 26.
Rxf1 Bh2+ $1 $19) (21. Rf1 Bxc5 22. Rxc5 Rd5 $14) 21... Ra5 22. Nxb7 Qxb7 23.
Rxc6 $2 (23. Bxc6 $1 {V.Anand} Qa7 (23... Qb8 24. Rc4 a3 $140 25. b4 $16) 24.
Rc4 $16 {/\Qc2,Kh1,e4}) 23... Qb8 {Now Black gets counterplay on the weakened
dark squares.} 24. Rdc1 (24. Rc4 e5 $5) 24... g6 (24... Rb5 $4 25. Rxd6 $18)
25. R1c2 (25. Bxg6 fxg6 26. Qg4 Kg7 27. Qxe6 Rf5 $19) 25... Ra7 26. Qc4 (26.
Ra6 {Huzman} Rxa6 27. Qxa6 Qb4 $132) (26. Bd3 $5 {[%cal Gd3a6] Huzman}) 26...
Kg7 27. Bf3 Be7 $14 28. Rc7 (28. Rc8 Rxc8 29. Qxc8 Qg3 30. Qc3 Bd6 $132) 28...
Bg5 29. Kf2 (29. Qxe6 Rxc7 30. Qe5+ Kg8 31. Rxc7 Bxe3+ 32. Kh1 Re8 $11) 29...
Bh4+ 30. Kg1 (30. g3 $2 Bxg3+ 31. Kxg3 Rd7 $19) (30. Ke2 Rxc7 31. Qxc7 Qb5+ 32.
Qc4 Qa5 $132) 30... Bg5 31. Kf2 Bh4+ 32. Kg1 1/2-1/2

[Event "FIDE-Wch k.o."]
[Site "Groningen"]
[Date "1997.12.18"]
[Round "4.2"]
[White "Anand, Viswanathan"]
[Black "Almasi, Zoltan"]
[Result "1-0"]
[WhiteElo "2765"]
[BlackElo "2615"]
[Annotator "Huzman,A"]
[PlyCount "65"]
[EventDate "1997.12.09"]
[EventType "k.o."]
[EventRounds "7"]
[EventCountry "NED"]
[SourceTitle "CBM 063"]
[Source "ChessBase"]
[SourceDate "1998.03.26"]
[SourceVersion "1"]
[SourceVersionDate "1998.03.26"]
[SourceQuality "1"]

1. d4 Nf6 2. Nf3 g6 3. c4 Bg7 4. Nc3 O-O 5. e4 d6 6. Be2 e5 7. O-O Nc6 8. d5
Ne7 9. b4 Nh5 10. Re1 Nf4 11. Bf1 h6 12. c5 g5 (12... f5 13. Bxf4 fxe4 14. Bxe5
exf3 15. Bxg7 fxg2 16. Bxf8 gxf1=Q+ 17. Rxf1 Qxf8 18. cxd6 cxd6 19. f3 Bh3 20.
Rf2 $16 {1/2-1/2 Gavrilov,A-Zaitsev,V/Komercni Banka op 1997 (43)}) 13. Nd2 f5
(13... Neg6 14. Nc4 h5 (14... Re8 15. a4 h5 16. cxd6 cxd6 17. Be3 Nh4 18. Nb5
Bf8 19. Nxa7 $16 {1-0 Cebalo,M-Ivic,M/Kastel Stari op 1997 (35)}) 15. Be3 (15.
Ba3 $1 a6 16. b5 $1 {Khalifman.}) 15... f5 16. cxd6 cxd6 17. Nb5 fxe4 18. Nbxd6
Bg4 19. Qb3 $13 {1/2-1/2 Ionov,S-Khalifman,A/St.Petersburg-ch 1996 (29)}) 14.
g3 (14. cxd6 cxd6 15. b5 (15. Nc4 Kh7 (15... Rf6 16. a4 Bd7 $2 17. g3 Nfg6 18.
exf5 Bxf5 19. Bd3 $16 {Sher,M-Volke,K/Copenhagen KS 1996/1-0 (55)}) (15... g4
16. b5 h5 17. Ba3 Rf6 18. Qb3 {[%cal Gc4e5,Gb3g8]} Kh8 19. b6 a6 20. Qb4 Bf8
21. Ne3 h4 $132 {[%cal Yg4g3] 0-1 Gormally,D-McShane,L/London 1997 (40)}) 16.
b5 Rf6 17. Ba3 g4 18. b6 a6 19. Qb3 Rg6 20. Rac1 fxe4 (20... h5 21. Qb4 Bf8 22.
Qb1 h4 23. Ne3 $16 {1-0 Sokolov,I-Van Wely,L/NLD-ch 1995/CBM 48 (32)}) 21. Nxe4
Nf5 22. Ne3 Nd4 23. Qb1 Kh8 24. Rc7 $16 {1-0 Hauchard,A-Touzane,O/FRA-ch 1996 
(32)}) 15... Nfg6 16. exf5 e4 17. f6 $16 {Cmilyte,V-Girkiyan,T/32nd ol (women),
Yerevan ARM 1996/1-0 (77)}) (14. Nc4 fxe4 (14... a6 15. cxd6 cxd6 16. a4 Neg6
17. Ba3 Rf7 18. b5 Bf8 19. g3 g4 20. gxf4 Nh4 $44 {0-1 Wells,P-McShane,L/
London 1997 (32)}) 15. cxd6 cxd6 16. Nxe4 Nf5 17. b5 Bf6 18. a4 Be7 19. Ba3 b6
(19... g4 20. Qxg4+ Kh8 21. Qd1 Rg8 22. g3 $16 {1-0 Cebalo,M-Kecic,S/Bled
op18th 1997 (30)}) 20. g3 Ng6 21. Bg2 a6 22. Qd3 axb5 23. Ncxd6 $16 {1-0
Schlosser,P-Touzane,O/Lippstadt 1996 (30)}) (14. a4 g4 15. Ba3 Rf7 16. a5 Bf8
17. b5 Neg6 18. g3 Nh3+ 19. Bxh3 gxh3 20. Qh5 Kh7 21. b6 axb6 22. axb6 f4 $132
{0-1 Ortiz,E-Tan,J/Greenhills op 1997 (46)}) 14... Nfg6 15. a4 $1 $146 (15. Nc4
f4 (15... Kh8 16. cxd6 cxd6 17. Nb5 fxe4 18. Nbxd6 $16 {Hess,R-Neidhardt,C/
BL2-W 1993/1-0 (64)}) 16. Ba3 Rf6 17. b5 b6 18. cxd6 cxd6 19. Bb4 $36 {[%cal
Ga2a5] 1-0 Iskusnyh,S-Fedorov,A/RUS-Cup3 1996 (42) <<}) (15. exf5 Nxf5 16. Nde4
(16. Nce4 Nd4 17. Bg2 {1/2-1/2 Jaracz,P-Gdanski,J/POL-ch 1997}) 16... Nd4 17.
Bg2 g4 $132) 15... f4 16. Nc4 g4 17. Nb5 Rf6 18. Ba3 $1 {[%cal Gb5c7,Ga3d6,
Gc4d6,Gb5d6]} h5 {[%cal Yh5h4]} 19. Nxc7 $1 Qxc7 20. cxd6 Rxd6 21. Nxd6 Qxd6
22. b5 $18 Qf6 23. d6 Nf5 (23... Be6 24. dxe7 Nxe7 25. Rc1 $18) 24. exf5 Bxf5
25. Qd5+ Kh8 26. Rad1 {[%cal Gd6d7]} Rd8 27. Bd3 $1 Bxd3 28. Qxd3 h4 29. d7
hxg3 30. hxg3 f3 31. Bc1 {[%cal Gd3e4,Ge4g4]} Nf8 32. Qe4 Qe6 33. Ba3 (33. Ba3
Rxd7 34. Bxf8 Bxf8 35. Rxd7 Qxd7 36. Qxe5+ $18) 1-0